Current challenges in valuation practice in Australia (and elsewhere) (Record no. 68887)

MARC details
000 -LEADER
fixed length control field 01073cam a2200229 4500
001 - CONTROL NUMBER
control field ABS64824
008 - FIXED-LENGTH DATA ELEMENTS--GENERAL INFORMATION
fixed length control field 011121n2001 000 0 eng u
035 ## - SYSTEM CONTROL NUMBER
System control number (Sirsi) u115664
100 ## - MAIN ENTRY--PERSONAL NAME
Personal name Boyd, T.
245 ## - TITLE STATEMENT
Title Current challenges in valuation practice in Australia (and elsewhere)
260 ## - PUBLICATION, DISTRIBUTION, ETC.
Date of publication, distribution, etc. 2001
490 ## - SERIES STATEMENT
Series statement South African Valuer
Volume/sequential designation (67) September 2001, 6-12(7)
520 ## - SUMMARY, ETC.
Summary, etc. Argues that client attitude to professional service providers is more demanding now and that the valuer must earn a client's respect by showing competency and providing value-adding services. Examines the challenges of valuer competency; accuracy; assessment of risk and expanded methodology and services. Concludes that the challenges being experienced by Australian valuers are not dissimilar from valuers elsewhere in the world. References.
590 ## - LOCAL NOTE (RLIN)
Local note ABS
650 ## - SUBJECT ADDED ENTRY--TOPICAL TERM
Topical term or geographic name entry element VALUERS
650 ## - SUBJECT ADDED ENTRY--TOPICAL TERM
Topical term or geographic name entry element COMPETENCY
650 ## - SUBJECT ADDED ENTRY--TOPICAL TERM
Topical term or geographic name entry element AUSTRALIA
650 ## - SUBJECT ADDED ENTRY--TOPICAL TERM
Topical term or geographic name entry element VALUATION PRACTICE
650 ## - SUBJECT ADDED ENTRY--TOPICAL TERM
Topical term or geographic name entry element SERVICE PROVIDERS
690 ## - LOCAL SUBJECT ADDED ENTRY--TOPICAL TERM (OCLC, RLIN)
Topical term or geographic name as entry element MANAGEMENT-BUSINESS MANAGEMENT-PROFESSIONAL PRACTICE
942 ## - ADDED ENTRY ELEMENTS (KOHA)
Suppress in OPAC 0
Holdings
Withdrawn status Lost status Source of classification or shelving scheme Damaged status Not for loan Home library Current library Shelving location Date acquired Total Checkouts Full call number Barcode Date last seen Copy number Price effective from Koha item type
    Dewey Decimal Classification     London London Journal article 21/11/2001   ABS64824 115664-1001 06/08/2019 1 06/08/2019 Journal article